00264nam a2200097Ia 4500008004100000041000800041100001400049245005100063260004400114365000800158231011s9999 xx 000 0 und d aeng aLeo Gough aThe Essential Management & Finance Source Book bPitman Pubs House ,England / Hongkong - b325